Загрузка...
Poetry and prose appreciation for overseas students
| Главный автор: | |
|---|---|
| Формат: | Printed Book |
| Опубликовано: |
London, Longmans
1963
|
| Предметы: |
| LEADER | 005560000a22001930004500 | ||
|---|---|---|---|
| 022 | |a 28-07-2004 | ||
| 041 | |a English | ||
| 082 | |a 801.95 ALE/P K3 | ||
| 100 | |a Alexander, L G | ||
| 245 | |a Poetry and prose appreciation for overseas students | ||
| 260 | |a London, Longmans | ||
| 260 | |c 1963 | ||
| 650 | |a Criticism | ||
| 650 | |a Literature | ||
| 650 | |a Poetry | ||
| 650 | |a Prose | ||
| 942 | |c BK | ||
| 999 | |c 146309 |d 146305 | ||
| 952 | |0 0 |1 0 |4 0 |6 801_950000000000000_ALE_P_K3 |7 0 |9 145080 |a SCC |b SCC |d 2017-10-11 |l 0 |o 801.95 ALE/P K3 |p SCC01129 |r 2017-10-11 |w 2017-10-11 |y BK | ||